000 00957nam a2200241 i 4500
001 97983
003 ES-MaACL
005 20230906182208.0
007 t|
008 050721s1984 mx ||||1| spa d
100 1 _aMarques, A. H. de Oliveira.
_976977
245 1 0 _aHistoria de Portugal
_b: desde los tiempos más antiguos hasta el gobierno de Pinheiro de Azevedo /
_cA. H. de Oliveira Marques; traducción de Milton Schinca.
250 _a[1ª ed.].
260 _aMéxico :
_bFondo de Cultura Económica,
_c1984.
300 _a2 v., 269 lám. ;
_c24 cm.
490 1 _aSección de obras de historia
505 8 _aContiene: v.I: De lo orígenes a las revoluciones liberales.- 502 p.--v.II: De las revoluciones liberales a nuestros días.- 341 p.
651 4 _aPortugal-
_xHistoria.
_96241
700 1 _aSchinca, Milton.
_9104372
830 0 _aSección de obras de historia
_9179403
852 _aES-MaACL
_jL-7610-1
_bR.108256
999 _c97983
_d97983